000 00462nam a2200181Ia 4500
005 20250508154318.0
008 008 250505s9999 xx 000 0 eng d
037 _aTextual
040 _aFEDL
_beng
_cFEDL
041 _aeng
_2eng
084 _a370.9, CHA
_qFEDL
100 _aChoube S. P.
_9765299
245 0 _aComparitive education
300 _axiv,647p.
650 _aEducation
942 _cTEXL
_h370.9, CHA
999 _c1349527
_d1349527